[Event "BCF-chT 9900 (4NCL)"]
[Site "Birmingham"]
[Date "2000.03.25"]
[Round "7.8"]
[White "Cooper, Lawrence"]
[Black "Forbes, Cathy"]
[Result "1/2-1/2"]
[WhiteElo "2338"]
[BlackElo "2089"]
[PlyCount "83"]
[EventDate "1999.10.??"]
[EventType "team"]
[EventRounds "11"]
[EventCountry "ENG"]
[SourceTitle "EXT 2000"]
[Source "ChessBase"]
[SourceDate "1999.11.16"]
[SourceVersion "1"]
[SourceVersionDate "1999.11.16"]
[SourceQuality "1"]
[WhiteTeam "BIG"]
[BlackTeam "SWR"]
[WhiteTeamCountry "ENG"]
[BlackTeamCountry "ENG"]

1. e4 c5 2. Nf3 e6 3. c3 d5 4. exd5 Qxd5 5. d4 Nf6 6. Be2 Be7 7. 0-0 0-0 8. Ne5 Nbd7 9. Bf3 Qd6 10. Nxd7 Nxd7 11. dxc5 Qxc5 12. Be3 Qc7 13. Nd2 Ne5 14. Be2 Bd7 15. c4 Rad8 16. Qb3 b6 17. Rac1 Bc6 18. Rfd1 Qb7 19. f3 Qa6 20. Qc2 Bc5 21. Bxc5 bxc5 22. Qc3 f6 23. Nb3 Rxd1+ 24. Bxd1 Nd7 25. Qe3 e5 26. Qd2 Qb6 27. Qd6 Rd8 28. Qe6+ Kf8 29. Bc2 g6 30. Qd6+ Ke8 31. Rd1 Ba4 32. Be4 Bxb3 33. axb3 Nb8 34. Qxd8+ Qxd8 35. Rxd8+ Kxd8 36. Kf2 Kc7 37. Ke3 Kd6 38. Bd5 f5 39. Bg8 f4+ 40. Kd3 h6 41. Bf7 g5 42. Ke4 1/2-1/2

[Event "White Rose Int 2nd"]
[Site "York"]
[Date "2000.02.01"]
[Round "9"]
[White "Jonkman, Harmen"]
[Black "Forbes, Cathy"]
[Result "1-0"]
[WhiteElo "2446"]
[BlackElo "2089"]
[PlyCount "91"]
[EventDate "2000.01.24"]
[EventType "tourn"]
[EventRounds "9"]
[EventCountry "ENG"]
[EventCategory "1"]
[SourceTitle "CBM 074 Extra"]
[Source "ChessBase"]
[SourceDate "2000.03.10"]
[SourceVersion "2"]
[SourceVersionDate "2000.03.10"]
[SourceQuality "1"]

1. e4 c5 2. c3 d5 3. exd5 Qxd5 4. d4 Nf6 5. Nf3 Nc6 6. Be2 e6 7. Na3 Bd6 8. c4 Qh5 9. Nb5 Bb8 10. Ng5 Qg6 11. dxc5 e5 12. Nd6+ Bxd6 13. Qxd6 Bf5 14. Nf3 Ne4 15. Qxg6 hxg6 16. Be3 Nb4 17. 0-0 Nc2 18. Rac1 Nxe3 19. fxe3 f6 20. b4 a5 21. a3 Ke7 22. Bd3 Ng3 23. hxg3 Bxd3 24. Rfd1 Be2 25. Rd2 Bxf3 26. gxf3 axb4 27. axb4 Rhd8 28. Rxd8 Kxd8 29. Rc2 Kc7 30. b5 Rd8 31. Kf2 f5 32. g4 Rh8 33. Kg3 Rh1 34. Rd2 Rc1 35. Rd5 f4+ 36. exf4 exf4+ 37. Kxf4 Rxc4+ 38. Kg5 Rb4 39. b6+ Kc6 40. Re5 Rb3 41. Kxg6 Rxf3 42. Kxg7 Kd7 43. g5 Rf1 44. g6 Rf2 45. Kg8 Rg2 46. g7 1-0

[Event "White Rose Int 2nd"]
[Site "York"]
[Date "2000.01.30"]
[Round "7"]
[White "Dunnington, Angus J"]
[Black "Forbes, Cathy"]
[Result "1-0"]
[WhiteElo "2372"]
[BlackElo "2089"]
[PlyCount "77"]
[EventDate "2000.01.24"]
[EventType "tourn"]
[EventRounds "9"]
[EventCountry "ENG"]
[EventCategory "1"]
[SourceTitle "CBM 074 Extra"]
[Source "ChessBase"]
[SourceDate "2000.03.10"]
[SourceVersion "2"]
[SourceVersionDate "2000.03.10"]
[SourceQuality "1"]

1. e4 c5 2. Nf3 e6 3. d3 Nc6 4. g3 g6 5. Bg5 Qb6 6. Nbd2 Qxb2 7. Nc4 Qg7 8. Rb1 f6 9. Bd2 Nh6 10. c3 Be7 11. d4 Nf7 12. h4 h5 13. Qa4 0-0 14. d5 exd5 15. exd5 Nce5 16. Nfxe5 Nxe5 17. Nb6 Nf3+ 18. Kd1 Nxd2 19. Kxd2 Qh6+ 20. Kc2 axb6 21. Qxa8 d6 22. Qa4 Bd8 23. Bh3 f5 24. Rhe1 Qg7 25. Re8 Bd7 26. Rxf8+ Kxf8 27. Qf4 Bc7 28. Bf1 b5 29. Bxb5 Bxb5 30. Rxb5 Qe7 31. Qh6+ Ke8 32. Qxg6+ Kd8 33. Qg5 b6 34. Rb1 Qxg5 35. hxg5 Ke7 36. Rh1 Kf7 37. Rxh5 Kg6 38. Rh8 Kxg5 39. Rc8 1-0

[Event "BCF-chT 9900 (4NCL)"]
[Site "Birmingham"]
[Date "2000.01.23"]
[Round "6.8"]
[White "Lazhevskaya, Zhanni"]
[Black "Forbes, Cathy"]
[Result "0-1"]
[WhiteElo "2051"]
[BlackElo "2089"]
[PlyCount "100"]
[EventDate "1999.10.??"]
[EventType "team"]
[EventRounds "11"]
[EventCountry "ENG"]
[SourceTitle "EXT 2000"]
[Source "ChessBase"]
[SourceDate "1999.11.16"]
[SourceVersion "1"]
[SourceVersionDate "1999.11.16"]
[SourceQuality "1"]
[WhiteTeam "Wood Green II"]
[BlackTeam "SWR"]
[WhiteTeamCountry "ENG"]
[BlackTeamCountry "ENG"]

1. e4 c5 2. Nf3 e6 3. Nc3 a6 4. d4 cxd4 5. Nxd4 Qc7 6. Be3 Nf6 7. f3 Bb4 8. Qd2 d5 9. Bg5 e5 10. Bxf6 gxf6 11. exd5 exd4 12. Qxd4 Qe5+ 13. Qxe5+ fxe5 14. Bd3 Nd7 15. 0-0-0 Bxc3 16. bxc3 0-0 17. Rhe1 f6 18. f4 Re8 19. Re3 Nc5 20. fxe5 Rxe5 21. Rxe5 fxe5 22. Re1 Nxd3+ 23. cxd3 Bf5 24. Kd2 Re8 25. g4 Bd7 26. c4 Kf7 27. h3 Kf6 28. Rf1+ Ke7 29. Rb1 Bc8 30. Rb6 Rf8 31. Ke3 Rf6 32. Rxf6 Kxf6 33. Ke4 h6 34. Kf3 Bd7 35. Ke4 b6 36. Kf3 a5 37. Ke4 Be8 38. h4 Bg6+ 39. Ke3 Ke7 40. d4 Kd6 41. dxe5+ Kxe5 42. a3 a4 43. g5 h5 44. Kd2 b5 45. Kc3 bxc4 46. Kxc4 Kd6 47. Kd4 Bc2 48. Kc3 Bb3 49. Kd4 Bxd5 50. g6 Bg8 0-1

[Event "BCF-chT 9900 (4NCL)"]
[Site "Birmingham"]
[Date "2000.01.22"]
[Round "5.8"]
[White "Forbes, Cathy"]
[Black "Jackson, Sheila"]
[Result "1/2-1/2"]
[WhiteElo "2089"]
[BlackElo "2186"]
[PlyCount "30"]
[EventDate "1999.10.??"]
[EventType "team"]
[EventRounds "11"]
[EventCountry "ENG"]
[SourceTitle "EXT 2000"]
[Source "ChessBase"]
[SourceDate "1999.11.16"]
[SourceVersion "1"]
[SourceVersionDate "1999.11.16"]
[SourceQuality "1"]
[WhiteTeam "SWR"]
[BlackTeam "Wood Green"]
[WhiteTeamCountry "ENG"]
[BlackTeamCountry "ENG"]

1. d4 Nf6 2. Nf3 e6 3. c3 c5 4. Bf4 Nc6 5. e3 Be7 6. h3 0-0 7. Bd3 cxd4 8. exd4 b6 9. Nbd2 Bb7 10. Nc4 d6 11. 0-0 Rc8 12. Re1 h6 13. a4 Re8 14. Qe2 Qc7 15. Rad1 Bf8 1/2-1/2

[Event "White Rose Int 1st"]
[Site "Wakefield"]
[Date "1999.07.18"]
[Round "2"]
[White "Forbes, Cathy"]
[Black "Lim, Chin Lee"]
[Result "1-0"]
[WhiteElo "2094"]
[BlackElo "2110"]
[PlyCount "113"]
[EventDate "1999.07.17"]
[EventType "tourn"]
[EventRounds "9"]
[EventCountry "ENG"]
[EventCategory "1"]
[SourceTitle "CBM 071 Extra"]
[Source "ChessBase"]
[SourceDate "1999.09.14"]
[SourceVersion "1"]
[SourceVersionDate "1999.09.14"]
[SourceQuality "1"]

1. d4 d5 2. Nf3 Nf6 3. Bf4 e6 4. e3 Be7 5. h3 0-0 6. Nbd2 c5 7. c3 Qb6 8. Qb3 Qa5 9. Be2 Nc6 10. 0-0 a6 11. Qc2 Qd8 12. a4 Bd7 13. Rfd1 cxd4 14. exd4 Rc8 15. Qb3 Na5 16. Qc2 Qb6 17. Bd3 h6 18. Ne5 Nc6 19. Ndf3 Nb4 20. Nxd7 Nxd7 21. Bh7+ Kh8 22. Qb1 Nf6 23. Bg6 Nc6 24. Bc2 Na5 25. Ne5 Nc4 26. Nxc4 Rxc4 27. Qc1 Nh7 28. Re1 f5 29. a5 Qd8 30. Rxe6 Ng5 31. Rb6 Qd7 32. Bb3 Rc6 33. Ba4 Ne4 34. Bxc6 bxc6 35. f3 Nd6 36. Rxa6 g5 37. Be5+ Kg8 38. Rb6 Nc4 39. Rb3 Qa7 40. a6 Nb6 41. Qc2 c5 42. Rb5 c4 43. Kh1 Bd8 44. b3 Qd7 45. bxc4 dxc4 46. Qb1 Qa7 47. Bd6 Rf6 48. Bc5 Kg7 49. d5 g4 50. d6 gxf3 51. Bxb6 fxg2+ 52. Kh2 Qd7 53. Bd4 Qxd6+ 54. Be5 Qd2 55. Qg1 Kf7 56. Qxg2 Qe3 57. a7 1-0

[Event "White Rose Int 1st"]
[Site "Wakefield"]
[Date "1999.07.17"]
[Round "1"]
[White "Forbes, Cathy"]
[Black "Bjornsson, Sigurbjorn"]
[Result "0-1"]
[WhiteElo "2094"]
[BlackElo "2254"]
[PlyCount "78"]
[EventDate "1999.07.17"]
[EventType "tourn"]
[EventRounds "9"]
[EventCountry "ENG"]
[EventCategory "1"]
[SourceTitle "CBM 071 Extra"]
[Source "ChessBase"]
[SourceDate "1999.09.14"]
[SourceVersion "1"]
[SourceVersionDate "1999.09.14"]
[SourceQuality "1"]

1. d4 d5 2. Nf3 e6 3. Bf4 Nf6 4. e3 Be7 5. h3 0-0 6. Nbd2 c5 7. c3 Nc6 8. Bd3 c4 9. Bb1 b5 10. Ne5 Bb7 11. Qc2 g6 12. h4 Nxe5 13. dxe5 Ne4 14. Nxe4 dxe4 15. Qe2 Qd5 16. Bc2 Rfd8 17. Rd1 Qc5 18. Rd4 Rxd4 19. exd4 Qd5 20. Qe3 b4 21. h5 b3 22. axb3 cxb3 23. Bb1 Bf8 24. Bh6 Bxh6 25. Qxh6 Qd7 26. Qe3 a5 27. Bxe4 a4 28. h6 Bxe4 29. Qxe4 Ra7 30. Kd2 a3 31. Qh4 f5 32. exf6 axb2 33. Rb1 Qd5 34. f7+ Rxf7 35. Rxb2 Qxg2 36. Kd3 Qf1+ 37. Ke3 Qc1+ 38. Rd2 Qxc3+ 39. Rd3 Qe1# 0-1